Mito della fondazione di Roma - Statistics

Statistiche generali
  • Questo quiz è stato fatto 137 volte
  • Il punteggio medio è 9 su 16
Statistiche sulle risposte
Indizio Risposta % Corretto
Eroe troiano che si stabilì nel Lazio, fondando la città di Lavinio Enea 1
95%
Fratello gemello di (10) Remo 11
92%
Figlio di (8) e (9), sarà il fondatore e il primo re di Roma Romolo 10
92%
Animale che salvò i due gemelli, neonati, dopo che erano stati abbandonati nel Tevere Lupa 12
89%
Colle sul quale (10) fonda la città di Roma Palatino 15
76%
Dio della guerra, invaghitosi di (8) Marte 9
70%
Città fondata da (4) sui colli albani Alba Longa 5
62%
Figlia di Latino, poi moglie di (1) Lavinia 2
59%
Figlia di (6), costretta a diventare vestale Rea Silvia 8
57%
Figlio di (1) e della sua prima moglie Creusa Ascanio 4
54%
Re dei Rutuli, nemico di (1) e da lui ucciso Turno 3
39%
Discendente di (4), re di (5) spodestato da (7) Numitore 6
29%
Sovrano sabino che regnò su Roma assieme a (10) Tito Tazio 16
24%
Fratello di (6), re di (5) dopo averlo spodestato Amulio 7
19%
Pastore che adotta i gemelli Faustolo 13
19%
Moglie di (13) Acca Larenzia 14
14%
Nessun quiz corrispondente trovato
Distribuzione punteggi
Percentuale di utenti per punteggio
Percentile per numero di risposta
I tuoi punteggi nel tempo
Non hai fatto questo quiz